000 00637 a2200181 4500
999 _c8492
_d8492
010 _aENG-88482
020 _a8176299960
_c1080.00
035 _aEN-72015
037 _bDBAD / PUB
082 1 4 _a342.54
100 1 _aBaruah, Aparajita
245 1 _aPreamble of the constitution of India:
_cby Aparajitha Baruah
_ban insight and comparison with other constitutions/
260 _aNew Delhi
_bDeep & Deep Publications
_c2007
270 _aF-159, Rajouri Garden
_bNew Delhi
_e110 027
300 _axxii, 364p.
_c22cm (Hb )
500 _aIncludes bibliographical references and index
942 _adpl
_cEN
_2ddc
_h342.54
_mBAR